| 000 -LEADER |
| fixed length control field |
00588cam a2200205 a 4500 |
| 020 ## - INTERNATIONAL STANDARD BOOK NUMBER |
| ISBN |
9780737743418 (lib. bdg.) |
| 020 ## - INTERNATIONAL STANDARD BOOK NUMBER |
| ISBN |
0737743417 (lib. bdg.) |
| 040 ## - CATALOGING SOURCE |
| Transcribing agency |
DLC |
| 082 00 - DEWEY DECIMAL CLASSIFICATION NUMBER |
| Classification number |
344 GRE 2009 C161 Or. |
| 245 00 - TITLE STATEMENT |
| Title |
Students' rights / |
| 260 ## - PUBLICATION, DISTRIBUTION, ETC. (IMPRINT) |
| Place of publication |
Farmington Hills, MI : |
| Name of publisher |
Greenhaven Press, |
| Year of publication |
c2009. |
| 300 ## - PHYSICAL DESCRIPTION |
| Number of Pages |
166 p. : |
| Other physical details |
ill. (chiefly col.), col. map ; |
| Dimensions |
25 cm. |
| 650 #0 - SUBJECT ADDED ENTRY--TOPICAL TERM |
| Topical Term |
Students |
| 650 #0 - SUBJECT ADDED ENTRY--TOPICAL TERM |
| Topical Term |
Students |
| 650 #1 - SUBJECT ADDED ENTRY--TOPICAL TERM |
| Topical Term |
Students |
| 650 #1 - SUBJECT ADDED ENTRY--TOPICAL TERM |
| Topical Term |
Students |
| 700 1# - ADDED ENTRY--PERSONAL NAME |
| Personal name |
Bily, Cynthia A. |
| 856 41 - ELECTRONIC LOCATION AND ACCESS |
| Uniform Resource Identifier |
http://www.loc.gov/catdir/toc/ecip0828/2008041257.html |
| 942 ## - ADDED ENTRY ELEMENTS (KOHA) |
| Koha item type |
ADB |
| 952 ## - LOCATION AND ITEM INFORMATION (KOHA) |
| Withdrawn status [LOCAL, KOHA] |
0 |